000 00692nam a2200289Ia 4500
005 20260324140239.0
008 008 260324s9999 xx 000 0 eng d
020 _a9781315078519
037 _aEBOOK
040 _aCRL
040 _beng
040 _cCRL
041 _2eng
041 _aeng
084 _qCRL
100 _aJ.W. Pulis
_91203672
245 0 _aReligion, Diaspora and Cultural Identity
245 2 _bA Reader in the Anglophone Caribbean
260 _bTaylor and Francis
260 _c1999
365 _a
365 _b220
856 _uhttp://www.taylorfrancis.com/books/9781315078519
942 _cEBOOK
999 _c1805556
_d1805556